00977nam a2200301 a 450000100060000000300090000600500170001500800410003202000180007304000280009104100130011908200180013210000210015024500650017125000250023626000350026130000270029649000250032349000340034850400280038265000240041065000300043465000460046465000310051065000720054165000140061374000480062724822CO-ViMGA20230915232020.0141112s2004 ck r 000 u spa d a9788433963437 aCO-ViMGAbspacCO-ViMGA aspa cat04a371.334 C17e1 aCassany, Daniel.10aEn_línea : bleer y escribir en la red / cDaniel Cassany. aVersión del autor. aBarcelona : bAnagrama, c2012 a282 p. : il. ; 23 cm. aColeccion Argumentos aColección argumentos ; 441 aIncluye bibliografía.14aEducación virtual14aInternet - - Enseñanza 14aRecursos de información electrónicos 14aRedes sociales en línea 14aTecnologías de la información y la comunicación - - Usuarios 14aWeb 2.0.  aEnÏlínia. Llegir i escriure a la xarxa.